Základy finančního a daňového práva
Uložené v:
| Hlavný autor: | |
|---|---|
| Ďalší autori: | |
| Médium: | Kniha |
| Jazyk: | Czech |
| Vydavateľské údaje: |
Plzeň
Vydavatelství a nakladatelství Aleš Čeněk
2009
|
| Predmet: | |
| Tagy: |
Žiadne tagy, Buďte prvý, kto otaguje tento záznam!
|
MARC
| LEADER | 00000nam a2200000 4500 | ||
|---|---|---|---|
| 001 | 0307900 | ||
| 005 | 20250526144140.7 | ||
| 020 | |a 978-80-7380-223-3 | ||
| 041 | 0 | |a cze | |
| 044 | |a CZ | ||
| 245 | 1 | 0 | |a Základy finančního a daňového práva |c Olga Sovová, Zdeněk Fiala |
| 264 | 1 | |a Plzeň |b Vydavatelství a nakladatelství Aleš Čeněk |c 2009 | |
| 300 | |a 202 s. | ||
| 610 | 2 | 0 | |a právo finančné |
| 610 | 2 | 0 | |a právo daňové |
| 610 | 2 | 0 | |a rozpočty verejné |
| 610 | 2 | 0 | |a rozpočet štátny |
| 610 | 2 | 0 | |a dane priame |
| 610 | 2 | 0 | |a dane nepriame |
| 610 | 2 | 0 | |a správa daňová |
| 610 | 2 | 0 | |a kontrola daňová |
| 610 | 2 | 0 | |a clá |
| 610 | 2 | 0 | |a peniaze |
| 100 | 1 | |a Sovová, Olga | |
| 700 | 1 | |a Fiala, Zdeněk | |